000
00277nam a22001217a 4500
008
171208b xxu||||| |||| 00| 0 eng d
041
_a
eng
080
_a
617
100
_a
27
101
_a
ORT
245
_a
LECTURES ON DISEASES OF THE SPINAL CORD
_c
MARIE, P
942
_2
udc
_c
BK
999
_c
38828
_d
38828